Kỹ thuật điện tử và mạch điện kỹ thuật số: Tóm lược lí thuyết và bài tập
Trình bày các chủ điểm căn bản về điện tử; Tuyển chọn các bài tập cap cấp về mạch điện - điện tử. Đề cập đến các mạch logic kỹ thuật số.
Đã lưu trong:
| Tác giả chính: | |
|---|---|
| Định dạng: | Sách |
| Năm xuất bản: |
H.
Giao thông vận tải
[Knxb]
|
| Chủ đề: | |
| Tags: |
Thêm thẻ
Không có thẻ, Hãy là người đầu tiên gắn thẻ bản ghi này!
|
| LEADER | 01068nam a2200193 4500 | ||
|---|---|---|---|
| 082 | |a 621.38132 |b NG527TR | ||
| 100 | |a Nguyễn Trường Kha | ||
| 245 | |a Kỹ thuật điện tử và mạch điện kỹ thuật số: Tóm lược lí thuyết và bài tập |c Nguyễn Trường Kha | ||
| 260 | |a H. |b Giao thông vận tải |c [Knxb] | ||
| 300 | |a 516 tr |c 24 cm | ||
| 520 | |a Trình bày các chủ điểm căn bản về điện tử; Tuyển chọn các bài tập cap cấp về mạch điện - điện tử. Đề cập đến các mạch logic kỹ thuật số. | ||
| 653 | |a Kỹ thuật | ||
| 653 | |a Kỹ thuật điện tử | ||
| 653 | |a Mạch điện | ||
| 653 | |a Kỹ thuật số | ||
| 942 | |2 ddc |c SH | ||
| 999 | |c 7511 |d 7511 | ||
| 952 | |0 0 |1 0 |2 ddc |4 0 |6 621_381320000000000_NG527TR |7 0 |8 600 |9 67916 |a qbu |b qbu |c D3 |d 2015-02-13 |g 77000 |o 621.38132 NG527TR |p 7124.c1 |r 0000-00-00 |w 2015-02-13 |y STK0 | ||
| 952 | |0 0 |1 0 |2 ddc |4 0 |6 621_381320000000000_NG527TR |7 0 |8 600 |9 67917 |a qbu |b qbu |c D3 |d 2015-02-13 |g 77000 |l 1 |o 621.38132 NG527TR |p 7124.c2 |r 2017-11-14 |s 2017-11-07 |w 2015-02-13 |y STK0 | ||